• 首页
  • 本馆介绍
  • 公告通知
  • 最新文献
  • 馆藏检索
  • 电子资源
  • 读者导购
  • 参考咨询
  • 我的图书馆
  • 登录
  • 详细信息显示
  • 放入我的书架
  • 预约/预借图书
  • 作者相关作品
  • 分类相关作品
  • 丛书相关作品
  • 出版社相关作品

书目信息

  • 表格格式
  • 工作单格式
  • 卡片格式
题名:
地缘政治学与世界秩序
    
 
作者: 丘德诺夫 , 国玉奇 著
分册:  
出版信息: 重庆   重庆出版社  2007
页数: 336页
开本: 24cm
丛书名:
单 册:
中图分类: K901.4
科图分类:
主题词: 国际政治 , 政治地理学 , 地理
电子资源:
ISBN: 978-7-5366-8257-3
000 00915nam0 2200277 450
001 1251359912
005 20121012141726.03
010    @a978-7-5366-8257-3@dCNY33.00
100    @a20070327d2007 em y0chiy50 ea
101 0  @achi
102    @aCN@b500000
105    @ay z 000yy
106    @ar
200 1  @a地缘政治学与世界秩序@Adi yuan zheng zhi xue yu shi jie zhi xu@dGeopolitics and world order@f国玉奇,В.П.丘德诺夫著@zeng
210    @a重庆@c重庆出版社@d2007
215    @a336页@d24cm
330    @a本书对地缘政治学的概念、历史、发展、现状及其与政治、军事、国际关系等之间的关系作了较为全面的阐述。
510 1  @aGeopolitics and world order@zeng
606 0  @a国际政治
606 0  @a政治地理学
606 0  @a地理
690    @aK901.4@v4
701  0 @c(俄)@a丘德诺夫@Aqiu de nuo fu@4著
701  0 @a国玉奇@Aguo yu qi@4著
801  0 @aCN@b110017@c20070312
905    @a10447@dK901.4@eJY5
    
    地缘政治学与世界秩序=Geopolitics and world order/国玉奇,В.П.丘德诺夫著.-重庆:重庆出版社,2007
    336页;24cm
    
    
    ISBN 978-7-5366-8257-3:CNY33.00
    本书对地缘政治学的概念、历史、发展、现状及其与政治、军事、国际关系等之间的关系作了较为全面的阐述。
●
相关链接 在E读中查询图书 在五车中查询图书 在当当中查询图书 在豆瓣中查询图书


正题名:地缘政治学与世界秩序     索取号:K901.4/JY5         预约/预借

序号 登录号 条形码 馆藏地/架位号 状态 备注
1 7825650   278256502   学院路分馆/ [索取号:K901.4/JY5] 在馆    
2 7825651   278256511   学院路分馆/ [索取号:K901.4/JY5] 在馆    
唐山师范学院图书馆 欢迎您!
大连网信软件有限公司© 版权所有